Statistiques concernant Focus sur: Bëor - Tolkien

Cliquez ici pour prendre le quiz!

Statistiques générales

  • Ce quiz a été pris 3 fois
  • Le résultat moyen est 8 sur 13

Statistiques - réponses

Informations recherchéesRéponses% Correct
PèreBëor "l'Ancien"
100%
EspèceHomme
100%
Couleur des cheveuxNoir
100%
Maison (lignée)Peuple de {Bëor}
100%
Age durant lequel il vécutPremier
100%
Profession et titreSeigneur de la maison de Bëor
100%
ContréesEstolad
67%
SurnomLe {Jeune}
67%
Première mentionLe Silmarillion
67%
FrèreBelen
33%
Autre nomBaran
0%
FilsBaranor
0%
Boron
0%

Distribution des résultats

Percentile par nombre de réponses

% des personnes avec chaque résultat

Votre développement - résultats

Vous n’avez pas pris ce quiz